Movies Quiz

Random Movies or Actor Quiz

Doppelgänger Movies Quiz Stats

Quiz Updated Apr 6, 2016

Challenge
Share
Tweet
Embed
Score 0/16 Timer 04:00
0 Plays Today
Doppelgänger Film Film % Correct
Shark TaleFinding Nemo
75.9%
eXistenZThe Matrix
50.2%
The RoadThe Book of Eli
29.1%
Paul Blart: Mall CopObserve and Report
28.9%
InfamousCapote
27.6%
Happy FeetSurf's Up
26.9%
The WildMadagascar
26.2%
Near DarkThe Lost Boys
18.1%
Doppelgänger Film Film % Correct
Chasing LibertyFirst Daughter
16.9%
KundunSeven Years in Tibet
14.3%
Top GunIron Eagle
14.2%
The HauntingHouse on Haunted Hill
13.9%
Fail-SafeDr. Strangelove or: How I Learned to Stop Worrying and Love the Bomb
13%
Christopher Columbus: The Discovery1492: Conquest of Paradise
12.2%
LeviathanThe Abyss
10.7%
HeistThe Score
7.5%

You're not logged in!

Compare scores with friends on all Sporcle quizzes.
Join for Free
OR
Log In

You Might Also Like...

Show Comments

Extras

Top Quizzes Today


Score Distribution

Your Account Isn't Verified!

In order to create a playlist on Sporcle, you need to verify the email address you used during registration. Go to your Sporcle Settings to finish the process.

Report this User

Report this user for behavior that violates our Community Guidelines.

Details: